Monster Hunter Locales - Statistics

General Stats
  • This quiz has been taken 23 times
  • The average score is 31 of 93
Answer Stats
First Appearance Answer % Correct
Monster Hunter World Ancient Forest
79%
Monster Hunter World Elder's Recess
79%
Monster Hunter World Coral Highlands
71%
Monster Hunter 2 Desert
64%
Monster Hunter 3 Flooded Forest
64%
Monster Hunter Rise Flooded Forest
64%
Monster Hunter World Wildspire Waste
64%
Monster Hunter World: Iceborne Hoarfrost Reach
57%
Monster Hunter 2 Jungle
57%
Monster Hunter Rise: Sunbreak Jungle
57%
Monster Hunter World Rotten Vale
57%
Monster Hunter Freedom Arena
50%
Monster Hunter 4 Arena
50%
Monster Hunter World Arena
50%
Monster Hunter Rise Arena
50%
Monster Hunter Rise: Sunbreak Citadel
50%
Monster Hunter World: Iceborne Guiding Lands
50%
Monster Hunter 3 Sandy Plains
50%
Monster Hunter Rise Sandy Plains
50%
Monster Hunter Wilds Scarlet Forest
50%
Monster Hunter Rise Shrine Ruins
50%
Monster Hunter 4 Ancestral Steppe
43%
Monster Hunter Castle Schrade
43%
Monster Hunter 3 Deserted Island
43%
Monster Hunter 3 Great Desert
43%
Monster Hunter Wilds Iceshard Cliffs
43%
Monster Hunter Generations Jurassic Frontier
43%
Monster Hunter 4 Sunken Hollow
43%
Monster Hunter 2 Swamp
43%
Monster Hunter 4 Ultimate Dunes
36%
Monster Hunter Forest and Hills
36%
Monster Hunter 4 Frozen Seaway
36%
Monster Hunter Freedom Unite Great Forest
36%
Monster Hunter 4 Heaven's Mount
36%
Monster Hunter Generations Marshlands
36%
Monster Hunter Portable 3rd Misty Peaks
36%
Monster Hunter Wilds Oilwell Basin
36%
Monster Hunter 2 Snowy Mountains
36%
Monster Hunter 2 Tower
36%
Monster Hunter 3 Tundra
36%
Monster Hunter 4 Volcanic Hollow
36%
Monster Hunter 2 Volcano
36%
Monster Hunter 3 Volcano
36%
Monster Hunter Wilds Windward Plains
36%
Monster Hunter Generations Arctic Ridge
29%
Monster Hunter Freedom Unite Forlorn Arena
29%
Monster Hunter Rise: Sunbreak Forlorn Arena
29%
Monster Hunter Generations Ultimate Forlorn Citadel
29%
Monster Hunter Rise Frost Islands
29%
Monster Hunter 4 Ingle Isle
29%
Monster Hunter Rise Lava Caverns
29%
Monster Hunter Old Swamp
29%
Monster Hunter Old Volcano
29%
Monster Hunter Portable 3rd Polar Field
29%
Monster Hunter 4 Primal Forest
29%
Monster Hunter Generations Ultimate Ruined Pinnacle
29%
Monster Hunter Portable 3rd Sacred Pinnacle
29%
Monster Hunter 4 Slayground
29%
Monster Hunter 4 Speartip Crag
29%
Monster Hunter Generations Wyvern's End
29%
Monster Hunter G Battleground
21%
Monster Hunter Rise Coral Palace
21%
Monster Hunter 4 Everwood
21%
Monster Hunter Fortress
21%
Monster Hunter Freedom Great Arena
21%
Monster Hunter 4 Great Sea
21%
Monster Hunter Rise Infernal Springs
21%
Monster Hunter 3 Land Arena
21%
Monster Hunter Portable 3rd Lava Canyon
21%
Monster Hunter Freedom Unite Moat Arena
21%
Monster Hunter Old Desert
21%
Monster Hunter Old Jungle
21%
Monster Hunter Rise Red Stronghold
21%
Monster Hunter 3 Sacred Land
21%
Monster Hunter 4 Sanctuary
21%
Monster Hunter Freedom Unite Snowy Mountains Peak
21%
Monster Hunter 3 Underwater Ruin
21%
Monster Hunter Generations Verdant Hills
21%
Monster Hunter 3 Water Arena
21%
Monster Hunter 4 Ultimate Battlequarters
14%
Monster Hunter World Caverns of El Dorado
14%
Monster Hunter World Everstream
14%
Monster Hunter World Great Ravine
14%
Monster Hunter World: Iceborne Origin Isle
14%
Monster Hunter Portable 3rd Small Arena
14%
Monster Hunter World Special Arena
14%
Monster Hunter 3 Ultimate Tainted Sea
14%
Monster Hunter 4 Tower Summit
14%
Monster Hunter 2 Town
14%
Monster Hunter Rise: Sunbreak Yawning Abyss
14%
Monster Hunter World Confluence of Fates
7%
Monster Hunter World: Iceborne Secluded Valley
7%
Monster Hunter World: Iceborne Seliana Supply Cache
7%
No matching quizzes found
Score Distribution
Percent of People with Each Score
Percentile by Number Answered
Your Score History
You have not taken this quiz